Statistics for The 1975 - Talk! Lyrics

Click here to take the quiz!

General Stats

  • This quiz has been taken 14 times
  • The average score is 154 of 215

Answer Stats

Answer% Correct
(A
100%
A
100%
do
100%
"I
100%
loud?
100%
on
100%
so
100%
so?
100%
talk
100%
the
100%
way
100%
Why
100%
you
100%
about
75%
an
75%
but
75%
drown
75%
ground
75%
he
75%
I'm
75%
in
75%
It's
75%
mistakes
75%
mouth
75%
mouth)
75%
sabbatical
75%
safer
75%
same
75%
scared
75%
talks
75%
talks)
75%
Totally
75%
you'd
75%
your
75%
anchor
50%
And
50%
(And
50%
and
50%
be
50%
by
50%
By
50%
delayed
50%
grammatical
50%
I'd
50%
lots
50%
Passing
50%
think
50%
thinking
50%
Vocal
50%
wrecked
50%
arms
25%
been
25%
(Cause
25%
conversation
25%
dad's
25%
full
25%
hard
25%
I've
25%
just
25%
kitchen
25%
my
25%
of
25%
out
25%
pop
25%
stars"
25%
stop
25%
too
25%
trying
25%
use
25%
we
25%
We
25%
with
25%
you're
25%
alarms
0%
churning
0%
don't
0%
Excess
0%
got
0%
hearts
0%
lungs
0%
polemic
0%
superseded
0%
tar
0%
until
0%

Score Distribution

Percentile by Number Answered

Percent of People with Each Score

Your Score History

You have not taken this quiz